=LDR 00000nam 2200000 4500 =001 INLIS000000000037869 =005 20130612143558 =008 ***********************************Ind** =035 ##$$0010-061300000037869 =041 ##$$a Ind =082 ##$$a 641.865 39 =090 ##$$a 641.865 39, Sut s =100 ##$$a Sutomo, Budi =245 ##$$a Sukses wirausaha roti favorit, Budi Sutomo =260 ##$$a 2007 $b Jakarta =300 ##$$a 96 hlm, ilus, 23 cm =650 ##$$a Roti, resep =850 ##$$a NBPNMAT =990 ##$$a 4402444024 =990 ##$$a 21108379